01627cam a2200385 i 450000100090000000300050000900500170001400800410003101000170007202000320008904000280012104200080014905000240015708200190018108400340020010000260023424501030026026400530036330000270041633600210044333700250046433800230048950502560051265000320076865000190080065000130081965000290083265000680086165000550092985600350098490600450101994200120106499900190107695201460109518826539NUST20220726133546.0151021s2015 nyu 001 0 eng  a 2015040860 a978-1-47361-378-2(hardback) aDLCbengcDLCerdadDLC apcc00aBF575.F14bS94 201500a158.1, SYE223 aBUS085000aBUS0410002bisacsh1 aSyed, Matthew.99521510aBlack box thinking :bwhy most people never learn from their mistakes-but some do /cMatthew Syed. 1aNew York, New York :bPortfolio/Penguin,c[2015] axi, 322 pages ;c24 cm atext2rdacontent aunmediated2rdamedia avolume2rdacarrier aPart I: The Logic of Failure (Page-1), Part II: Cognitive Dissonance (Page-67),Part III: Confronting Complexity (Page133-),Part IV: Small Steps and Giant Leaps (Page-181),Part V: The Blame Game (Page-229),Part VI: Creating a Growth Culture (Page-267). 0aFailure (Psychology)995216 0aErrors.995217 0aSuccess. 0aOrganizational behavior. 7aBUSINESS & ECONOMICS / Organizational Behavior.2bisacsh913715 7aBUSINESS & ECONOMICS / Management.2bisacsh913714423Cover imageu9781591848226.jpg a7bcbccorignewd1eecipf20gy-gencatlg 2ddccBK c590643d590643 00102ddc4070aMCSbMCScGENd2022-07-26l1o158.1, SYEpMCS38207r2026-03-09s2026-02-16w2022-07-26yBKzAlmirah Fresh No.44, Shelf No.3